000 00528nam a22001937a 4500
005 20250930102606.0
008 250930b |||||||| |||| 00| 0 eng d
020 _a0-443-08935-3
050 _aRC111.P75 1995
_bC.1
100 _aMANDELL,GERALD L.
245 _aPRINCIPLES AND PRACTICE OF INFECTIOUS DISEASES
250 _aFOURTH
260 _aLONDON
_bCHURCHILL LIVINGSTONE
_c1995
300 _a2803P
500 _aINCLUDES INDEX
650 _a Communicable Diseases
700 _aMANDELL,GERALD L.
942 _2lcc
_cBK
999 _c216130
_d216130